Statistics for Daily Country Riddle #80

Click here to take the quiz!

General Stats

  • This quiz has been taken 85 times
  • The average score is 17 of 21

Answer Stats

TypeAnswer% Correct
Found LetterA
96%
Found LetterA
96%
Correctly Placed LetterA
96%
Correctly Placed LetterA
91%
Found LetterA
91%
Found LetterS
91%
Correctly Placed LetterS
89%
Found LetterR
87%
Correctly Placed LetterA
86%
Found LetterG
83%
Found LetterM
81%
Correctly Placed LetterM
79%
Correctly Placed LetterA
77%
Found LetterD
74%
Found LetterC
73%
Found LetterA
71%
Correctly Placed LetterC
71%
Correctly Placed LetterD
71%
Correctly Placed LetterG
71%
Mystery CountryMadagascar
71%
Correctly Placed LetterR
71%

Score Distribution

Percentile by Number Answered

Percent of People with Each Score

Your Score History

You have not taken this quiz